Valuation of independent healthcare properties in the UK (Record no. 114274)

MARC details
000 -LEADER
fixed length control field 01626cad a22002895a 4500
001 - CONTROL NUMBER
control field L156491
008 - FIXED-LENGTH DATA ELEMENTS--GENERAL INFORMATION
fixed length control field 290512s2012 xxk g 000 0 eng d
020 ## - INTERNATIONAL STANDARD BOOK NUMBER
International Standard Book Number 9781842197767
035 ## - SYSTEM CONTROL NUMBER
System control number (Sirsi) u156491
041 0# - LANGUAGE CODE
Language code of text/sound track or separate title eng
050 04 - LIBRARY OF CONGRESS CALL NUMBER
Classification number 333.32 $2 18
110 2# - MAIN ENTRY--CORPORATE NAME
Corporate name or jurisdiction name as entry element Royal Institution of Chartered Surveyors
9 (RLIN) 4900
245 00 - TITLE STATEMENT
Title Valuation of independent healthcare properties in the UK
Medium [electronic resource]
Statement of responsibility, etc. [archived]
250 ## - EDITION STATEMENT
Edition statement 2nd ed.
260 ## - PUBLICATION, DISTRIBUTION, ETC.
Place of publication, distribution, etc. London
Name of publisher, distributor, etc. RICS
Date of publication, distribution, etc. 2012
490 ## - SERIES STATEMENT
Series statement RICS Information Paper
490 ## - SERIES STATEMENT
Series statement RICS Valuation Information Paper
Volume/sequential designation (28)
505 ## - FORMATTED CONTENTS NOTE
Formatted contents note Introduction -- Regulatory framework -- Fees -- Inspection and measurement -- Basis of value and assumptions -- Comparables and factors affecting valuation -- Capitalisation -- Registration, consents and other matters -- Valuations for loan security purposes -- Confidentiality.
520 ## - SUMMARY, ETC.
Summary, etc. This information paper provides updated information on the valuation of independent healthcare properties comprising nursing and residential care homes in the UK.
520 ## - SUMMARY, ETC.
Summary, etc. This Information paper supersedes Valuation Information Paper 11: The Valuation and Appraisal of Private Care Home Properties in England, Wales and Scotland (ISBN: 9781842193730)
520 ## - SUMMARY, ETC.
Summary, etc. Archived, in force May 2012 to June 2018
650 24 - SUBJECT ADDED ENTRY--TOPICAL TERM
Topical term or geographic name entry element RICS appraisal and valuation standards
651 #4 - SUBJECT ADDED ENTRY--GEOGRAPHIC NAME
Geographic name United Kingdom
690 ## - LOCAL SUBJECT ADDED ENTRY--TOPICAL TERM (OCLC, RLIN)
Topical term or geographic name as entry element Valuation
9 (RLIN) 6273
856 40 - ELECTRONIC LOCATION AND ACCESS
Uniform Resource Identifier <a href="https://www.isurv.com/downloads/file/3634/archive_valuation_of_independent_healthcare_properties_in_the_uk_%E2%80%93_second_edition_may_2012%E2%80%93june_2018">https://www.isurv.com/downloads/file/3634/archive_valuation_of_independent_healthcare_properties_in_the_uk_%E2%80%93_second_edition_may_2012%E2%80%93june_2018</a>
Public note Archived on isurv
942 ## - ADDED ENTRY ELEMENTS (KOHA)
Suppress in OPAC 0
Source of classification or shelving scheme Dewey Decimal Classification
Holdings
Withdrawn status Lost status Source of classification or shelving scheme Damaged status Not for loan Home library Current library Shelving location Date acquired Total Checkouts Full call number Date last seen Copy number Koha item type
    Dewey Decimal Classification     Virtual Virtual Online 29/05/2012   isurv 24/07/2023 1 Online material